Prvé práčky mal Al Capone v práčovniach

Mafiánska legenda Al Capone a jeho špekalulácie s práčovňami na bielizeň. Tri základné kroky pri praní peňazí podľa odbornej literatúry. Firmy založené v daňových rajoch používané na pranie peňazí. Zákon ukladajúci inštitúciám oznamovať nezvyčajné operácie. Slovensko ako krajina s povesťou, kde na p...

Ausführliche Beschreibung

Gespeichert in:
Bibliographische Detailangaben
1. Verfasser: Žitňanský, Eduard
Format: Buchkapitel
Sprache:Slowakisch
Schlagworte:
Tags: Tag hinzufügen
Keine Tags, Fügen Sie das erste Tag hinzu!

MARC

LEADER 00000naa$a2200000$$$4500
001 0037731
005 20231009071515.1
041 0 |a slo 
044 |a SK 
245 1 0 |a Prvé práčky mal Al Capone v práčovniach  |c Eduard Žitňanský 
520 |a Mafiánska legenda Al Capone a jeho špekalulácie s práčovňami na bielizeň. Tri základné kroky pri praní peňazí podľa odbornej literatúry. Firmy založené v daňových rajoch používané na pranie peňazí. Zákon ukladajúci inštitúciám oznamovať nezvyčajné operácie. Slovensko ako krajina s povesťou, kde na pranie peňazí nie je dobrá klíma. Ako to funguje v praxi. 
610 2 0 |a pranie špinavých peňazí 
610 2 0 |a obchod nezákonný 
610 2 0 |a činnosť trestná 
610 2 0 |a legislatíva 
610 2 0 |a právo trestné 
100 1 |a Žitňanský, Eduard